000 00631nam a2200277Ia 4500
005 20260324120925.0
008 008 260324s9999 xx 000 0 eng d
020 _a9780429186790
037 _aEBOOK
040 _aCRL
040 _beng
040 _cCRL
041 _2eng
041 _aeng
084 _qCRL
100 _aG Keith Still
_91160501
245 0 _aIntroduction to Crowd Science
260 _bTaylor and Francis
260 _c2014
365 _a
365 _b305
856 _uhttp://www.taylorfrancis.com/books/9780429186790
942 _cEBOOK
999 _c1752291
_d1752291